<?xml version="1.0" encoding="UTF-8"?>
<record
    xmlns:xsi="http://www.w3.org/2001/XMLSchema-instance"
    xsi:schemaLocation="http://www.loc.gov/MARC21/slim http://www.loc.gov/standards/marcxml/schema/MARC21slim.xsd"
    xmlns="http://www.loc.gov/MARC21/slim">

  <leader>00981nam a22002537a 4500</leader>
  <controlfield tag="005">20170123164154.0</controlfield>
  <datafield tag="010" ind1=" " ind2=" ">
    <subfield code="a">A-772849</subfield>
  </datafield>
  <datafield tag="020" ind1=" " ind2=" ">
    <subfield code="c">40.00</subfield>
  </datafield>
  <datafield tag="035" ind1=" " ind2=" ">
    <subfield code="a">A-772849</subfield>
  </datafield>
  <datafield tag="037" ind1=" " ind2=" ">
    <subfield code="b">Cen Lib / Ret</subfield>
  </datafield>
  <datafield tag="040" ind1=" " ind2=" ">
    <subfield code="a">DPL</subfield>
    <subfield code="b">PN</subfield>
  </datafield>
  <datafield tag="082" ind1=" " ind2=" ">
    <subfield code="a">&#xA09;</subfield>
    <subfield code="b">&#xA27;&#xA40;&#xA30;&#xA38;&#xA70;</subfield>
  </datafield>
  <datafield tag="100" ind1=" " ind2=" ">
    <subfield code="a">&#xA27;&#xA40;&#xA30;, &#xA38;&#xA70;&#xA24;&#xA4B;&#xA16; &#xA38;&#xA3F;&#xA70;&#xA18;  </subfield>
    <subfield code="9">5807</subfield>
  </datafield>
  <datafield tag="245" ind1=" " ind2=" ">
    <subfield code="a">&#xA39;&#xA3F;&#xA70;&#xA26;&#xA4B;&#xA38;&#xA24;&#xA3E;&#xA02; &#xA39;&#xA2E;&#xA3E;&#xA30;&#xA3E; /</subfield>
    <subfield code="c">&#xA38;&#xA70;&#xA24;&#xA4B;&#xA16; &#xA38;&#xA3F;&#xA70;&#xA18; &#xA27;&#xA40;&#xA30; </subfield>
  </datafield>
  <datafield tag="246" ind1=" " ind2=" ">
    <subfield code="a">Hindostan hamara : novel /</subfield>
    <subfield code="b">by Santokh Singh Dhir </subfield>
  </datafield>
  <datafield tag="260" ind1=" " ind2=" ">
    <subfield code="a">&#xA28;&#xA35;&#xA40;&#xA02; &#xA26;&#xA3F;&#xA71;&#xA32;&#xA40; </subfield>
    <subfield code="b">&#xA28;&#xA35;&#xA2F;&#xA41;&#xA17; &#xA2A;&#xA2C;&#xA32;&#xA3F;&#xA38;&#xA3C;&#xA30;&#xA1C;&#xA3C;</subfield>
    <subfield code="c">1993</subfield>
  </datafield>
  <datafield tag="270" ind1=" " ind2=" ">
    <subfield code="a">&#xA15;&#xA47;. 24, &#xA39;&#xA4C;&#xA1C;&#xA3C; &#xA16;&#xA3C;&#xA3E;&#xA38; </subfield>
    <subfield code="b">&#xA28;&#xA35;&#xA40;&#xA02; &#xA26;&#xA3F;&#xA71;&#xA32;&#xA40; </subfield>
    <subfield code="e">110016</subfield>
  </datafield>
  <datafield tag="300" ind1=" " ind2=" ">
    <subfield code="a">112p.</subfield>
    <subfield code="c">21cm(Hb)</subfield>
  </datafield>
  <datafield tag="650" ind1=" " ind2=" ">
    <subfield code="a">&#xA2A;&#xA70;&#xA1C;&#xA3E;&#xA2C;&#xA40; &#xA38;&#xA3E;&#xA39;&#xA3F;&#xA24;</subfield>
    <subfield code="9">141093</subfield>
  </datafield>
  <datafield tag="650" ind1=" " ind2=" ">
    <subfield code="a">&#xA2A;&#xA70;&#xA1C;&#xA3E;&#xA2C;&#xA40; &#xA38;&#xA3E;&#xA39;&#xA3F;&#xA24;- &#xA28;&#xA3E;&#xA35;&#xA32;  </subfield>
    <subfield code="9">141094</subfield>
  </datafield>
  <datafield tag="650" ind1=" " ind2=" ">
    <subfield code="a">Punjabi Literature</subfield>
    <subfield code="9">141095</subfield>
  </datafield>
  <datafield tag="650" ind1=" " ind2=" ">
    <subfield code="a">Punjabi Literature-Novel</subfield>
    <subfield code="9">1580</subfield>
  </datafield>
  <datafield tag="942" ind1=" " ind2=" ">
    <subfield code="2">ddc</subfield>
    <subfield code="c">PN</subfield>
    <subfield code="h">&#xA09;</subfield>
    <subfield code="m">&#xA27;&#xA40;&#xA30;&#xA38;&#xA70;</subfield>
  </datafield>
  <datafield tag="999" ind1=" " ind2=" ">
    <subfield code="c">110583</subfield>
    <subfield code="d">110583</subfield>
  </datafield>
  <datafield tag="952" ind1=" " ind2=" ">
    <subfield code="0">0</subfield>
    <subfield code="1">0</subfield>
    <subfield code="4">0</subfield>
    <subfield code="7">0</subfield>
    <subfield code="a">L</subfield>
    <subfield code="b">L</subfield>
    <subfield code="d">2016-02-05</subfield>
    <subfield code="e">Cen Lib/Ret</subfield>
    <subfield code="g">40.00</subfield>
    <subfield code="l">0</subfield>
    <subfield code="o">&#xA09; &#xA27;&#xA40;&#xA30;&#xA38;&#xA70;</subfield>
    <subfield code="p">A-772849</subfield>
    <subfield code="r">2016-02-05 00:00:00</subfield>
    <subfield code="t">1</subfield>
    <subfield code="v">40.00</subfield>
    <subfield code="w">2016-09-15</subfield>
    <subfield code="y">PN</subfield>
  </datafield>
</record>
